000 00736nam a2200289Ia 4500
005 20260324130019.0
008 008 260324s9999 xx 000 0 eng d
020 _a9781315424934
037 _aEBOOK
040 _aCRL
040 _beng
040 _cCRL
041 _2eng
041 _aeng
084 _qCRL
100 _aAndrew Stout; Francis P McManamon; Jodi A Barnes
_91180198
245 0 _aManaging Archaeological Resources
245 0 _bGlobal Context, National Programs, Local Actions
260 _bTaylor and Francis
260 _c2008
365 _a
365 _b240
856 _uhttp://www.taylorfrancis.com/books/9781315424934
942 _cEBOOK
999 _c1775946
_d1775946